00331nam a22001337a 4500003000400000008004100004020001800045082001600063100002400079245003800103250001400141260003400155300000800189OSt240510b |||||||| |||| 00| 0 eng d a9780126853513 a621.382 TEI aTERASHIMA,Nobuyoshi aIntelligent Communication Systems a004.6 TEI aJapanb Academic Pressc 2002 a201